00457nam a2200145Ia 4500008004100000082001100041082000800052245010800060245000800168260000800176300000900184942000800193999001900201952009100220231017s9999 xx 000 0 und d a624.18 bTEN 0aCritical Literature Review of High-Performance Corrosion Reinforcements in Concrete Bridge Applications 0cTRB bTRB c30cm cREP c603876d603876 00104070aNITbNITd2023-10-17l0o624.18 TENpNIT-2074r2023-10-17w2023-10-17yREP